000 00285 a2200145 4500
001 177553
020 _a
040 _cMagnum
100 _aKreider, Karen
240 1 0 _aAladin
_lESP
245 1 0 _aAladin
362 0 _a1899
697 _aMAGNITO: I/AVENTURA, CRIANCAS
942 _cBK
999 _c177553
_d177553